[Event "Kieler Open 2017-A"]
[Site "Kiel"]
[Date "2017.08.01"]
[Round "6.37"]
[White "Boyens, Birger"]
[Black "Lubenow, Olaf"]
[Result "1-0"]
[WhiteElo "1996"]
[BlackElo "1703"]
[Annotator "PS"]
[PlyCount "91"]

1. e4 Nf6 2. e5 Nd5 3. d4 Nb6 4. f4 d6 5. Bd3 g6 6. Ne2 dxe5 7. fxe5 Nc6 8.
Nbc3 Nb4 9. Be4 c6 10. Nf4 e6 11. Be3 N4d5 12. Ncxd5 cxd5 13. Bd3 Qh4+ 14. g3
Qe7 15. c3 Bd7 16. a4 a5 17. Qb3 Qd8 18. h4 Qc7 19. h5 g5 20. Ng2 h6 21. O-O
Bg7 22. Rf3 Rf8 23. Bd2 Bc6 24. Ne3 f5 25. exf6 Rxf6 26. Bg6+ Kd7 27. Raf1 Raf8
28. Qd1 Bxa4 29. Qe2 Rxf3 30. Rxf3 Rxf3 31. Qxf3 Kc8 32. Be1 Bc6 33. g4 Qe7 34.
Bg3 Nd7 35. Bh2 Bf8 36. Qg3 Qd8 37. Bf7 e5 38. dxe5 Nc5 39. e6 Na6 40. Qe5 Bc5
{(=)} 41. Kf1 d4 42. cxd4 Bxd4 43. Qf5 Qe7 44. Nc4 Nc5 45. Bd6 Qf6 46. Nb6+ 1-0

[Event "Kieler Open 2017-A"]
[Site "Kiel"]
[Date "2017.08.01"]
[Round "6.38"]
[White "Koedijk, Klaas Jan"]
[Black "Fleischmann, Yannic"]
[Result "1/2-1/2"]
[WhiteElo "1311"]
[BlackElo "1614"]
[Annotator "PS"]
[PlyCount "84"]

1. e4 e5 2. Nf3 Nc6 3. Bc4 Bc5 4. c3 Nf6 5. d3 h6 6. O-O O-O 7. Nbd2 d6 8. Bb3
Re8 9. Bc2 Bb6 10. Nb3 Ne7 11. d4 Ng6 12. Re1 Be6 13. dxe5 dxe5 14. Be3 Bc4 15.
Nbd2 Bd3 16. Bxb6 axb6 17. Nf1 Nf4 18. Ng3 c5 19. Bxd3 Nxd3 20. Re2 c4 21. Ne1
Nc5 22. Rd2 Qc7 23. f3 Red8 24. Rxd8+ Rxd8 25. Qe2 b5 26. Rd1 Rd7 27. Qc2 Qd8
28. Rxd7 Qxd7 29. b4 Ne6 30. Ne2 Qd6 31. a4 Qc6 32. a5 Qd6 33. g3 Ne8 34. Kf2
N8c7 35. Ng2 Na6 36. Ne3 Nec7 37. Nf5 Qd7 38. f4 exf4 39. Nxf4 Nb8 40. Nh5 Ne8
41. Nf4 Nc6 42. Nd5 Qe6 1/2-1/2

[Event "Kieler Open 2017-A"]
[Site "Kiel"]
[Date "2017.08.01"]
[Round "6.40"]
[White "Schramm, Bernd"]
[Black "Weber, Andreas"]
[Result "1-0"]
[WhiteElo "2036"]
[BlackElo "1795"]
[Annotator "PS"]
[PlyCount "81"]

1. e4 e5 2. Nf3 Nc6 3. Bb5 a6 4. Ba4 Nf6 5. O-O Be7 6. Re1 b5 7. Bb3 O-O 8. c3
d5 9. exd5 Nxd5 10. d4 exd4 11. Nxd4 Nxd4 12. Qxd4 c6 13. Nd2 Bf6 14. Qe4 Bb7
15. Qg4 Bc8 16. Qf3 Be6 17. Ne4 Be7 18. Bd2 Qd7 19. h3 Rad8 20. Rad1 h6 21. Bc2
Qc7 22. b3 Qc8 23. Qg3 Qc7 24. Qf3 Qc8 25. Qh5 Nf6 26. Nxf6+ Bxf6 27. Qf3 Bd5
28. Be4 Rfe8 29. Bxd5 Rxe1+ 30. Rxe1 Rxd5 31. Bxh6 Kh7 32. Bf4 Rf5 33. Qe4 g6
34. c4 b4 35. Bd6 Bc3 36. Re2 Qb7 37. c5 Rf6 38. Qh4+ Kg7 39. Re8 g5 40. Qh8+
Kg6 41. Qg8+ 1-0

[Event "Kieler Open 2017-A"]
[Site "Kiel"]
[Date "2017.08.01"]
[Round "6.41"]
[White "Gehlsen, René"]
[Black "Lippmann, Kai"]
[Result "1-0"]
[WhiteElo "1635"]
[BlackElo "1959"]
[Annotator "PS"]
[PlyCount "105"]

1. d4 d5 2. Nf3 c6 3. g3 e6 4. Bg2 f5 5. O-O Nf6 6. Bg5 Bd6 7. b3 O-O 8. c4 Qe7
9. Nc3 Bd7 10. Ne5 Be8 11. f4 Nbd7 12. Rc1 Bh5 13. Bf3 Be8 14. Rc2 h6 15. Bxf6
Nxf6 16. h3 Rd8 17. c5 Bc7 18. b4 Kh7 19. e3 Rg8 20. Rg2 g5 21. Rff2 Rg7 22.
Kh1 g4 23. hxg4 Bxe5 24. fxe5 Nxg4 25. Bxg4 Rxg4 26. Rf4 Bh5 27. Rh2 Qg5 28.
Rxg4 Bxg4 29. Qe1 Bf3+ 30. Kg1 Rg8 31. Rh3 Qg4 32. Kh2 Rg5 33. a4 Rh5 34. Qf1
Kg6 35. Rxh5 Qxh5+ 36. Qh3 Qg5 37. Qh4 h5 38. Qxg5+ Kxg5 39. Kg1 h4 40. gxh4+
Kxh4 41. Kf2 Bh5 42. b5 Be8 43. Kf3 Kg5 44. b6 Bh5+ 45. Kf2 a5 46. Ke1 f4 47.
exf4+ Kxf4 48. Kd2 Bg4 49. Nb5 cxb5 50. axb5 a4 51. Kc3 a3 52. c6 a2 53. Kb2
1-0

[Event "Kieler Open 2017-A"]
[Site "Kiel"]
[Date "2017.08.01"]
[Round "6.42"]
[White "Rohmann, Volker"]
[Black "Eberhardt, Michael"]
[Result "1-0"]
[WhiteElo "1818"]
[BlackElo "1812"]
[Annotator "PS"]
[PlyCount "77"]

1. e4 d5 2. exd5 Nf6 3. Bb5+ Bd7 4. Bxd7+ Qxd7 5. Nf3 Qxd5 6. O-O Nc6 7. Nc3
Qf5 8. d3 O-O-O 9. Qe2 e6 10. Be3 Bd6 11. a4 h5 12. Nb5 Be7 13. Nxa7+ Nxa7 14.
Bxa7 b6 15. a5 Kb7 16. axb6 c6 17. d4 Qb5 18. c4 Qb4 19. c5 Qb5 20. Qxb5 cxb5
21. Ne5 Rc8 22. c6+ Rxc6 23. Nxc6 Kxc6 24. Rfc1+ Kd5 25. Rc7 Bd6 26. Rxf7 Rc8
27. b7 Rc2 28. b8=Q Bxb8 29. Bxb8 Rxb2 30. Be5 b4 31. Bxf6 gxf6 32. Rxf6 Kxd4
33. Rxe6 b3 34. Rb6 Kc3 35. f4 Rd2 36. Rb1 b2 37. R6xb2 Rxb2 38. Rxb2 Kxb2 39.
f5 1-0

[Event "Kieler Open 2017-A"]
[Site "Kiel"]
[Date "2017.08.01"]
[Round "6.43"]
[White "Bernard, Adrian"]
[Black "Müller, Richard"]
[Result "0-1"]
[WhiteElo "1745"]
[BlackElo "1484"]
[Annotator "PS"]
[PlyCount "82"]

1. d4 d5 2. c4 e6 3. Nc3 Nf6 4. Nf3 Nc6 5. Bf4 Bb4 6. e3 Ne4 7. Qc2 O-O 8. a3
Bxc3+ 9. bxc3 Nd6 10. c5 Nf5 11. Bd3 h6 12. e4 Nfe7 13. O-O Ng6 14. Bg3 Nge7
15. e5 Nf5 16. Bf4 Nce7 17. Qe2 Ng6 18. Bd2 Bd7 19. g3 Kh8 20. h4 Rg8 21. h5
Nf8 22. Kg2 Qe7 23. Rh1 Qe8 24. g4 Ne7 25. Qe3 Nh7 26. Nh4 b6 27. cxb6 axb6 28.
f4 Bb5 29. Bxh7 Kxh7 30. f5 exf5 31. gxf5 f6 32. Qf4 Qxh5 33. Rhe1 Qg5+ 34.
Qxg5 fxg5 35. f6 gxf6 36. exf6 gxh4+ 37. Kh3 Ng6 38. Rg1 Raf8 39. a4 Bd7+ 40.
Kh2 Rxf6 41. Rg2 h3 0-1

[Event "Kieler Open 2017-A"]
[Site "Kiel"]
[Date "2017.08.01"]
[Round "6.44"]
[White "Rempe, Jonas"]
[Black "Christensen, Andreas"]
[Result "0-1"]
[WhiteElo "1749"]
[BlackElo "1809"]
[Annotator "PS"]
[PlyCount "78"]

1. e4 c5 2. Nf3 e6 3. d4 cxd4 4. Nxd4 Nc6 5. Nc3 Qc7 6. g3 Nf6 7. Bg2 a6 8. O-O
Be7 9. Be3 O-O 10. h3 Rb8 11. f4 b5 12. g4 Bb7 13. g5 Ne8 14. f5 Nxd4 15. Bxd4
Bc5 16. Bf2 Nd6 17. f6 Nc4 18. Qh5 Ne3 19. Rfe1 Nxg2 20. Kxg2 Bxf2 21. Kxf2 d5
22. Rg1 dxe4 23. Rg4 Rfd8 24. Rh4 Qh2+ 25. Kf1 Qh1+ 26. Kf2 Qf3+ 27. Qxf3 exf3
28. Ke3 Rbc8 29. Rc1 Rc5 30. Rf1 Rf5 31. Rd1 Re5+ 32. Kf4 Rxd1 33. Nxd1 Rf5+
34. Kg3 Rxg5+ 35. Kf2 Rg2+ 36. Ke1 Rxc2 37. Rg4 Rg2 38. Rxg7+ Rxg7 39. fxg7
Kxg7 0-1

[Event "Kieler Open 2017-A"]
[Site "Kiel"]
[Date "2017.08.01"]
[Round "6.45"]
[White "Schmieder, Kerstin"]
[Black "Olde, Henning"]
[Result "0-1"]
[WhiteElo "1674"]
[BlackElo "1873"]
[Annotator "PS"]
[PlyCount "56"]

1. d4 f5 2. Nc3 Nf6 3. Nf3 e6 4. e3 d5 5. a3 Bd6 6. Bd3 c6 7. Ne2 O-O 8. c4 Ne4
9. c5 Bc7 10. O-O Nd7 11. Nf4 Qf6 12. b4 e5 13. dxe5 Nxe5 14. Rb1 Nc3 15. Qb3
Nxb1 16. Bxb1 Nxf3+ 17. gxf3 Qh4 18. Kh1 Rf6 19. Rg1 Qxf2 20. e4 Be6 21. Rg2
Qe1+ 22. Rg1 Qh4 23. exf5 Bxf5 24. Bxf5 Rxf5 25. Rg4 Qh6 26. Qc3 Rxf4 27. Qa1
Re8 28. Rg1 Rh4 0-1

[Event "Kieler Open 2017-A"]
[Site "Kiel"]
[Date "2017.08.01"]
[Round "6.46"]
[White "Indinger, Alexander"]
[Black "Helmich, Jörg"]
[Result "1-0"]
[WhiteElo "1798"]
[BlackElo "1722"]
[Annotator "PS"]
[PlyCount "59"]

1. e4 e6 2. d4 d5 3. Nd2 Nf6 4. e5 Nfd7 5. Bd3 c5 6. c3 Nc6 7. Ne2 cxd4 8. cxd4
Qb6 9. Nf3 f6 10. O-O fxe5 11. dxe5 Ndxe5 12. Nxe5 Nxe5 13. Be3 Bc5 14. Nf4
Nxd3 15. Qh5+ g6 16. Nxg6 hxg6 17. Qxh8+ Kd7 18. Qg7+ Kd6 19. Bxc5+ Nxc5 20.
Qf8+ Kc6 21. Rac1 a5 22. Rc2 Qa7 23. Rfc1 b6 24. a3 a4 25. Qe8+ Bd7 26. Qxg6
Kb7 27. h4 Rc8 28. h5 Nb3 29. Rxc8 Bxc8 30. Qf7+ 1-0

[Event "Kieler Open 2017-A"]
[Site "Kiel"]
[Date "2017.08.01"]
[Round "6.47"]
[White "Maas, Kolja"]
[Black "Henschen, Patrick"]
[Result "0-1"]
[WhiteElo "1527"]
[BlackElo "1720"]
[Annotator "PS"]
[PlyCount "130"]

1. e4 c6 2. d4 d5 3. Nd2 dxe4 4. Nxe4 Bf5 5. Ng3 Bg6 6. Nf3 Nd7 7. Bd3 Bxd3 8.
Qxd3 Ngf6 9. O-O e6 10. c4 Be7 11. a3 a5 12. Bf4 O-O 13. h3 a4 14. Rad1 Qa5 15.
Rfe1 Rad8 16. Qd2 Qa6 17. Qc2 Rfe8 18. Re2 Rc8 19. Red2 b5 20. c5 Nd5 21. Be3
N7f6 22. Ne2 Bd8 23. Qd3 Bc7 24. Ne5 Ne7 25. Bf4 Qb7 26. Qf3 Nfd5 27. Nc3 Nxf4
28. Qxf4 f6 29. Qe3 fxe5 30. dxe5 Rcd8 31. Rxd8 Rxd8 32. Rxd8+ Bxd8 33. Ne4 Nd5
34. Qe2 Qe7 35. Nd6 Bc7 36. Qg4 g6 37. h4 Bd8 38. h5 Kg7 39. f4 Ne3 40. h6+ Kg8
41. Qh3 Nf5 42. g3 Qf8 43. Qg2 Nxd6 44. cxd6 Bb6+ 45. Kf1 Qe8 46. Ke2 Qc8 47.
Qh1 Kf7 48. Qh4 Bd8 49. Qh1 Qa6 50. g4 b4+ 51. Kd1 Qd3+ 52. Kc1 Qc4+ 53. Kd1
Qb3+ 54. Ke1 Qc2 55. Qf3 b3 56. f5 gxf5 57. gxf5 Bh4+ 58. Kf1 Qxf5 59. Ke2
Qxf3+ 60. Kxf3 c5 61. Ke4 Bf2 62. Kd3 Bd4 63. Kc4 Bxb2 64. d7 Ke7 65. Kxc5 Bxe5
0-1

[Event "Kieler Open 2017-A"]
[Site "Kiel"]
[Date "2017.08.01"]
[Round "6.48"]
[White "Hoppe, Marc"]
[Black "Degenhardt, Andreas"]
[Result "0-1"]
[WhiteElo "1732"]
[BlackElo "1777"]
[Annotator "PS"]
[PlyCount "56"]

1. d4 d5 2. Bf4 Nf6 3. Nf3 Bg4 4. e3 e6 5. c4 Be7 6. Nbd2 O-O 7. Be2 c5 8. h3
Bh5 9. O-O cxd4 10. Nxd4 Bxe2 11. Qxe2 a6 12. Rac1 Nbd7 13. a3 e5 14. Nf5 exf4
15. exf4 Re8 16. cxd5 Bb4 17. Qd3 Bxd2 18. Qxd2 Nb6 19. d6 g6 20. Ng3 Nbd5 21.
f5 Qxd6 22. h4 Ne4 23. Nxe4 Rxe4 24. Rfd1 Rd8 25. fxg6 hxg6 26. Qg5 Re5 27. Qg3
Ree8 28. Qf3 Qf6 0-1

[Event "Kieler Open 2017-A"]
[Site "Kiel"]
[Date "2017.08.01"]
[Round "6.49"]
[White "Rommeck, Christiane"]
[Black "Wenske, Hardy"]
[Result "1-0"]
[WhiteElo "1616"]
[BlackElo "1826"]
[Annotator "PS"]
[PlyCount "89"]

1. e4 c6 2. d4 d5 3. Nc3 dxe4 4. Nxe4 Nf6 5. Ng3 Nbd7 6. Nf3 e6 7. Bd3 Be7 8.
O-O O-O 9. c4 b6 10. b3 Bb7 11. Bb2 Qc7 12. Re1 Rfe8 13. Rc1 Rad8 14. Ne5 c5
15. dxc5 Nxc5 16. Qc2 Nxd3 17. Nxd3 Qc6 18. f3 Nd7 19. Re2 f6 20. Rce1 Bb4 21.
Nxb4 Qc5+ 22. Kh1 Qxb4 23. Rxe6 Rxe6 24. Rxe6 Ne5 25. Bc3 Qc5 26. Bxe5 fxe5 27.
Nf5 g6 28. Re7 Bc8 29. Nh6+ Kf8 30. Rf7+ Ke8 31. Rxh7 Bf5 32. Nxf5 gxf5 33.
Rh8+ Ke7 34. Rxd8 Kxd8 35. Qxf5 Qf2 36. h3 Qxa2 37. Qxe5 Qxb3 38. Qb8+ Kd7 39.
Qxa7+ Kc6 40. Qa8+ Kc7 41. Qd5 Qc3 42. Kh2 Qe1 43. f4 Qf1 44. Qe5+ Kb7 45. f5
1-0

[Event "Kieler Open 2017-A"]
[Site "Kiel"]
[Date "2017.08.01"]
[Round "6.50"]
[White "Samuelson, Bernd"]
[Black "Witt, Holger"]
[Result "1/2-1/2"]
[WhiteElo "1438"]
[BlackElo "1578"]
[Annotator "PS"]
[PlyCount "32"]

1. e4 c5 2. Nf3 a6 3. Nc3 e6 4. d4 cxd4 5. Nxd4 Qc7 6. Nf3 Nc6 7. Be2 Nf6 8. a3
b5 9. Nd4 Nxd4 10. Qxd4 Bc5 11. Qd3 Bb7 12. Be3 Bxe3 13. Qxe3 Rc8 14. f3 Qc5
15. Qxc5 Rxc5 16. Rd1 d5 1/2-1/2

[Event "Kieler Open 2017-A"]
[Site "Kiel"]
[Date "2017.08.02"]
[Round "7.1"]
[White "Krause, Benedict"]
[Black "Uksini, Bardhyl"]
[Result "1-0"]
[WhiteElo "2424"]
[BlackElo "2304"]
[Annotator "FS"]
[PlyCount "55"]


1. e4 c5 2. Nf3 e6 3. d4 cxd4 4. Nxd4 Nc6 5. Nc3 Qc7 6. Be3 a6 7. Qd2 Nf6 8.
O-O-O Bb4 9. f3 Ne5 10. Nb3 b5 11. Kb1 Nc4 12. Bxc4 bxc4 13. a3 Be7 14. Nd4 Rb8
15. Ka1 d6 16. g4 Nd7 17. g5 Nc5 18. h4 Bd7 19. h5 Rg8 20. g6 fxg6 21. hxg6 h6
22. Rb1 Qa5 23. f4 Na4 24. Nde2 d5 25. exd5 Nxb2 26. Na2 Qxa3 27. c3 exd5 28.
Rxb2 1-0

[Event "Kieler Open 2017-A"]
[Site "Kiel"]
[Date "2017.08.02"]
[Round "7.2"]
[White "Jahncke, Giso"]
[Black "Lanka, Zigurds"]
[Result "1/2-1/2"]
[WhiteElo "2340"]
[BlackElo "2434"]
[Annotator "FS"]
[PlyCount "44"]


1. d4 Nf6 2. c4 g6 3. Nc3 Bg7 4. e4 d6 5. f3 O-O 6. Nge2 c5 7. Be3 b6 8. d5 e6
9. Nc1 exd5 10. cxd5 a6 11. a4 Ne8 12. Be2 Bh6 13. Bxh6 Qh4+ 14. g3 Qxh6 15. f4
Qg7 16. Nd3 Ra7 17. O-O Re7 18. Bf3 Nd7 19. Nf2 Kh8 20. Qd3 g5 21. Kh1 Nef6 22.
Bg2 Rg8 1/2-1/2

[Event "Kieler Open 2017-A"]
[Site "Kiel"]
[Date "2017.08.02"]
[Round "7.3"]
[White "Kopylov, Michael"]
[Black "Kuberczyk, Christoph"]
[Result "1/2-1/2"]
[WhiteElo "2428"]
[BlackElo "2177"]
[Annotator "FS"]
[PlyCount "34"]


1. Nf3 d5 2. c4 e6 3. g3 Nf6 4. Bg2 dxc4 5. Na3 Bxa3 6. Qa4+ b5 7. Qxa3 Bb7 8.
b3 Bd5 9. bxc4 bxc4 10. O-O Qd6 11. Qe3 Nbd7 12. Ba3 c5 13. d4 cxd3 14. exd3
Qa6 15. Bxc5 Nxc5 16. Qxc5 Rc8 17. Qb4 Qb7 1/2-1/2

[Event "Kieler Open 2017-A"]
[Site "Kiel"]
[Date "2017.08.02"]
[Round "7.4"]
[White "Voloshin, Leonid"]
[Black "Krause, Jonah"]
[Result "1/2-1/2"]
[WhiteElo "2382"]
[BlackElo "2328"]
[Annotator "FS"]
[PlyCount "30"]


1. d4 Nf6 2. Nf3 g6 3. c4 Bg7 4. Nc3 O-O 5. g3 d6 6. Bg2 Nc6 7. O-O a6 8. b3
Rb8 9. Nd5 e6 10. Nxf6+ Qxf6 11. Bb2 Qe7 12. Qc1 e5 13. d5 Nd8 14. Nd2 f5 15.
e3 Nf7 1/2-1/2

[Event "Kieler Open 2017-A"]
[Site "Kiel"]
[Date "2017.08.02"]
[Round "7.5"]
[White "Möller, Dustin"]
[Black "Gaede, Derek"]
[Result "0-1"]
[WhiteElo "2079"]
[BlackElo "2340"]
[Annotator "FS"]
[PlyCount "70"]


1. d4 Nf6 2. Nf3 e6 3. e3 d5 4. Bd3 c5 5. b3 cxd4 6. exd4 Bd6 7. O-O Nc6 8. Bb2
O-O 9. Nbd2 b6 10. a3 Bb7 11. Ne5 Rc8 12. f4 Ne7 13. Qf3 Nf5 14. Rae1 Be7 15.
Ng4 Nd6 16. Nxf6+ Bxf6 17. g4 g6 18. g5 Bg7 19. h4 Ne4 20. Nxe4 dxe4 21. Bxe4
Bxd4+ 22. Bxd4 Qxd4+ 23. Rf2 Rc3 24. Qg2 Bxe4 25. Qxe4 Qc5 26. Kg2 Rc8 27. Ree2
Qxa3 28. h5 gxh5 29. f5 exf5 30. Qxf5 Qf8 31. Re5 R8c5 32. Rxc5 Rxc5 33. Qf6
Qe8 34. Rd2 Qe4+ 35. Kh2 Qh4+ 0-1

[Event "Kieler Open 2017-A"]
[Site "Kiel"]
[Date "2017.08.02"]
[Round "7.6"]
[White "Besenthal, Klaus-Günther"]
[Black "Wichmann, Cliff"]
[Result "1/2-1/2"]
[WhiteElo "2076"]
[BlackElo "2297"]
[Annotator "FS"]
[PlyCount "60"]


1. d4 d5 2. Bf4 Nf6 3. e3 c5 4. c3 Nc6 5. Nd2 a6 6. Bd3 Bg4 7. Be2 Bxe2 8. Qxe2
Qb6 9. Rb1 e6 10. h3 Qb5 11. Ngf3 Be7 12. dxc5 Qxe2+ 13. Kxe2 Bxc5 14. Nb3 Be7
15. Rhd1 O-O 16. Nbd4 Rfc8 17. Nxc6 Rxc6 18. Ne5 Rcc8 19. g4 b5 20. f3 Ra7 21.
Nd3 Nd7 22. e4 Nf6 23. e5 Nd7 24. Be3 Rac7 25. Bd4 Bc5 26. Bxc5 Nxc5 27. Nxc5
Rxc5 28. Rd4 f6 29. f4 Rf8 30. Re1 f5 1/2-1/2

[Event "Kieler Open 2017-A"]
[Site "Kiel"]
[Date "2017.08.02"]
[Round "7.7"]
[White "Dittmann, Hans-Adolf"]
[Black "Fernandez, Michael"]
[Result "1-0"]
[WhiteElo "2073"]
[BlackElo "2236"]
[Annotator "FS"]
[PlyCount "123"]


1. e4 c5 2. Nf3 d6 3. d4 cxd4 4. Nxd4 Nf6 5. Nc3 g6 6. Be3 a6 7. Be2 Bg7 8. Qd2
Ng4 9. Bxg4 Bxg4 10. f3 Bd7 11. Bh6 Bxh6 12. Qxh6 Qa5 13. Nb3 Qc7 14. Qg7 Rf8
15. O-O-O Bc6 16. Nd5 Bxd5 17. exd5 h5 18. Rhe1 Nd7 19. Rd3 Nb6 20. Rc3 Qd8 21.
Qd4 Nd7 22. Rce3 Rc8 23. c3 Rc7 24. Qa4 Rg8 25. Nd4 Kf8 26. f4 Nb6 27. Qb3 Rc5
28. Rxe7 Nxd5 29. Rxb7 Qf6 30. Qd1 Kg7 31. f5 Rc7 32. Rxc7 Nxc7 33. Qf3 Re8 34.
Rxe8 Nxe8 35. Qe3 Nc7 36. fxg6 fxg6 37. Qe4 Qf1+ 38. Kc2 Qf2+ 39. Kb3 Qf7+ 40.
Ka3 Kh6 41. Qc6 Nd5 42. b3 a5 43. Ka4 Ne3 44. Kxa5 Qa7+ 45. Qa6 Qc7+ 46. Ka4
Qxc3 47. Qxd6 Nxg2 48. Qf6 Kh7 49. Qe7+ Kh6 50. Qd6 Ne3 51. Qe5 Nd1 52. h4 Qc8
53. Ne6 Qa8+ 54. Kb4 Qb7+ 55. Kc5 Qe7+ 56. Qd6 Qa7+ 57. Kc6 Qa8+ 58. Kd7 Qb7+
59. Ke8 Qa8+ 60. Kf7 Qf3+ 61. Kg8 Nc3 62. Qd2+ 1-0

[Event "Kieler Open 2017-A"]
[Site "Kiel"]
[Date "2017.08.02"]
[Round "7.8"]
[White "Syrov, Arkadi"]
[Black "Horn, Peter"]
[Result "1-0"]
[WhiteElo "2267"]
[BlackElo "2094"]
[Annotator "FS"]
[PlyCount "55"]


1. e4 e6 2. d4 d5 3. Nc3 Nf6 4. e5 Nfd7 5. f4 c5 6. Nf3 Nc6 7. Be3 Be7 8. Qd2
O-O 9. dxc5 Qa5 10. Bd3 Nxc5 11. O-O Rd8 12. Nd4 Nxd3 13. Qxd3 Nxd4 14. Bxd4 b6
15. Nb5 Bd7 16. a4 Rac8 17. c3 Qa6 18. b4 Qb7 19. Qg3 Bxb5 20. axb5 g6 21. f5
exf5 22. Rxf5 Qd7 23. Raf1 Rf8 24. Qe3 Qe6 25. R5f3 h5 26. Qh6 Rc4 27. Rf6 Qg4
28. e6 1-0

[Event "Kieler Open 2017-A"]
[Site "Kiel"]
[Date "2017.08.02"]
[Round "7.9"]
[White "Light, Bjarne"]
[Black "Buchholz, Sebastian"]
[Result "1-0"]
[WhiteElo "2196"]
[BlackElo "2134"]
[Annotator "FS"]
[PlyCount "69"]


1. c4 b6 2. Nc3 Bb7 3. e4 e6 4. Nge2 Nf6 5. d3 d5 6. cxd5 exd5 7. e5 Nfd7 8. f4
d4 9. Ne4 Nc5 10. N2g3 Nbd7 11. Nd2 a5 12. Nf3 f6 13. Be2 Be7 14. O-O O-O 15.
exf6 Bxf6 16. Bd2 Re8 17. Qc2 Nf8 18. f5 Ba6 19. Ne1 Be5 20. Bh5 g6 21. fxg6
hxg6 22. Bf3 Rb8 23. Rf2 Qd6 24. Ne4 Nxe4 25. Bxe4 Bxh2+ 26. Kh1 Re7 27. Qb3+
Ne6 28. Rf6 Be5 29. Rxg6+ Kf7 30. Nf3 Rh8+ 31. Kg1 Bh2+ 32. Kf2 Bc8 33. Re1 Ke8
34. Bf5 Nc5 35. Rg8+ 1-0

[Event "Kieler Open 2017-A"]
[Site "Kiel"]
[Date "2017.08.02"]
[Round "7.10"]
[White "Hartwig, Frank"]
[Black "Saglam, Bülent"]
[Result "1/2-1/2"]
[WhiteElo "1984"]
[BlackElo "2076"]
[Annotator "FS"]
[PlyCount "138"]


1. e4 e5 2. Nf3 Nc6 3. Bb5 a6 4. Bxc6 dxc6 5. d4 exd4 6. Qxd4 Qxd4 7. Nxd4 Nf6
8. f3 g6 9. Nc3 c5 10. Nde2 Bd7 11. Bf4 O-O-O 12. O-O-O Bg7 13. Be3 b6 14. a3
Bc6 15. Rxd8+ Rxd8 16. Rd1 Nd7 17. Nd5 Bxd5 18. Rxd5 Re8 19. Bf4 f5 20. Ng3
fxe4 21. Nxe4 Nf6 22. Nxf6 Bxf6 23. c3 c4 24. Kc2 b5 25. Kd2 Re6 26. g4 Bh4 27.
Bg3 Bd8 28. Re5 Rd6+ 29. Ke2 Kd7 30. Re3 Rd5 31. f4 c6 32. Kf3 Bb6 33. Re2 h5
34. gxh5 gxh5 35. Bh4 Rd3+ 36. Ke4 Rh3 37. Rd2+ Ke6 38. f5+ Kf7 39. Bg3 h4 40.
Bf4 a5 41. Rd7+ Ke8 42. Rd6 Bg1 43. Rd2 Kf7 44. Ke5 Be3 45. Re2 Bxf4+ 46. Kxf4
Rd3 47. Kg4 h3 48. Kf4 c5 49. Kg4 b4 50. axb4 axb4 51. cxb4 Rd4+ 52. Kxh3 cxb4
53. Kg3 Kf6 54. Re6+ Kxf5 55. Rb6 Rd3+ 56. Kh4 Rb3 57. Rc6 Ke4 58. Rxc4+ Kd3
59. Rc8 Rxb2 60. Kg3 b3 61. h4 Rc2 62. Rb8 b2 63. h5 Ke4 64. Kg4 Kd3 65. h6
Rg2+ 66. Kf5 Kc2 67. h7 Rh2 68. Kg6 b1=Q 69. Rxb1 Kxb1 1/2-1/2

[Event "Kieler Open 2017-A"]
[Site "Kiel"]
[Date "2017.08.02"]
[Round "7.11"]
[White "Böhm, Thomas"]
[Black "Müller, Jan Hendrik"]
[Result "1/2-1/2"]
[WhiteElo "2154"]
[BlackElo "2109"]
[Annotator "FS"]
[PlyCount "81"]


1. Nf3 Nf6 2. g3 d5 3. Bg2 c5 4. O-O Nc6 5. d3 e5 6. c4 Be7 7. cxd5 Nxd5 8. Nc3
Be6 9. Bd2 O-O 10. Nxd5 Bxd5 11. Bc3 f6 12. a4 b6 13. Nd2 Bxg2 14. Kxg2 Qd5+
15. f3 a6 16. Nc4 Rab8 17. Qb1 Rfd8 18. Ne3 Qf7 19. Nf5 Nd4 20. Bxd4 exd4 21.
Qc2 Bf8 22. g4 g6 23. Ng3 f5 24. b3 Rd5 25. Qc4 b5 26. axb5 axb5 27. Qc1 Bd6
28. gxf5 gxf5 29. Qh6 Qg6 30. Qxg6+ hxg6 31. Ra7 Re5 32. Rd7 Rb6 33. Ra1 Re7
34. Raa7 Kf7 35. Rxe7+ Bxe7 36. Nf1 Ke6 37. f4 Bf6 38. Nd2 Kd5 39. Rd7+ Rd6 40.
Ra7 Bh4 41. Nf3 1/2-1/2

[Event "Kieler Open 2017-A"]
[Site "Kiel"]
[Date "2017.08.02"]
[Round "7.12"]
[White "Basey, Matthew"]
[Black "Kopylov, Daniel"]
[Result "0-1"]
[WhiteElo "1793"]
[BlackElo "2172"]
[Annotator "FS"]
[PlyCount "70"]


1. d4 d5 2. Bf4 Nf6 3. e3 Bg4 4. f3 Bf5 5. g4 Bg6 6. c4 Bxb1 7. Rxb1 e6 8. Qb3
b6 9. c5 Nbd7 10. c6 Nb8 11. Bd3 Bd6 12. Ne2 O-O 13. Qc2 g6 14. h4 Qe7 15. h5
Bxf4 16. exf4 Re8 17. b4 a6 18. a4 b5 19. hxg6 fxg6 20. axb5 axb5 21. Bxb5 Na6
22. Bxa6 Rxa6 23. b5 Ra3 24. Kf2 Rea8 25. Qc5 Qf7 26. b6 Ra2 27. b7 Ne4+ 28.
Kf1 Nxc5 29. bxa8=Q+ Rxa8 30. dxc5 e5 31. Kf2 exf4 32. Rb7 Ra2 33. Rb8+ Kg7 34.
g5 Qe7 35. Re1 Qe3+ 0-1

[Event "Kieler Open 2017-A"]
[Site "Kiel"]
[Date "2017.08.02"]
[Round "7.13"]
[White "Junge, Ralph"]
[Black "Wanner, Lukas"]
[Result "1-0"]
[WhiteElo "2286"]
[BlackElo "2008"]
[Annotator "FS"]
[PlyCount "57"]


1. d4 Nf6 2. c4 g6 3. Nc3 Bg7 4. e4 d6 5. f3 O-O 6. Be3 c5 7. Nge2 cxd4 8. Nxd4
Nc6 9. Qd2 Bd7 10. Be2 Nxd4 11. Bxd4 a5 12. O-O Bc6 13. Rad1 Nd7 14. Bxg7 Kxg7
15. Kh1 Qb6 16. f4 Qc5 17. b3 Kg8 18. Qb2 Rfc8 19. a3 Qb6 20. Bg4 Rc7 21. Bxd7
Rxd7 22. b4 axb4 23. axb4 Rdd8 24. b5 e6 25. Qd2 Be8 26. f5 Bd7 27. Qh6 Kh8 28.
fxg6 fxg6 29. Rf7 1-0

[Event "Kieler Open 2017-A"]
[Site "Kiel"]
[Date "2017.08.02"]
[Round "7.14"]
[White "Bente, Björn"]
[Black "Ritter, Uwe"]
[Result "1-0"]
[WhiteElo "2310"]
[BlackElo "2056"]
[Annotator "FS"]
[PlyCount "56"]


1. e4 e5 2. Nf3 Nc6 3. d4 exd4 4. Nxd4 Nf6 5. Nc3 Bb4 6. Nxc6 bxc6 7. Bd3 d5 8.
exd5 cxd5 9. Qe2+ Qe7 10. Qxe7+ Kxe7 11. O-O c6 12. Ne2 Be6 13. Be3 Rhc8 14.
Nd4 c5 15. Nxe6 fxe6 16. Ba6 Rd8 17. a3 d4 18. Bf4 Ba5 19. b4 cxb4 20. axb4
Bxb4 21. Bb7 Bd6 22. Bxd6+ Kxd6 23. Bxa8 Rxa8 24. Rfb1 Rc8 25. Rb2 Rc7 26. Kf1
g6 27. Ra6+ Kd5 28. Rba2 Ke4 1-0

[Event "Kieler Open 2017-A"]
[Site "Kiel"]
[Date "2017.08.02"]
[Round "7.15"]
[White "Niering, Martin"]
[Black "Tresch, Lukas"]
[Result "1/2-1/2"]
[WhiteElo "2225"]
[BlackElo "2038"]
[Annotator "FS"]
[PlyCount "63"]


1. e4 c5 2. Nf3 Nc6 3. d4 cxd4 4. Nxd4 Nf6 5. Nc3 d6 6. Bg5 e6 7. Qd2 a6 8.
O-O-O h6 9. Nxc6 bxc6 10. Bf4 d5 11. Qe3 Bb4 12. a3 Bxc3 13. Qxc3 Nxe4 14. Qxg7
Qf6 15. Qxf6 Nxf6 16. f3 a5 17. g4 Ba6 18. Bxa6 Rxa6 19. h4 Nd7 20. h5 f6 21.
Rhe1 Kf7 22. a4 Nc5 23. b3 e5 24. Bd2 Ne6 25. Rf1 Kg7 26. Kb2 Re8 27. Be3 Raa8
28. c3 Rab8 29. Ka3 Rb7 30. Rf2 Rd8 31. Rc2 c5 32. Bf2 1/2-1/2

[Event "Kieler Open 2017-A"]
[Site "Kiel"]
[Date "2017.08.02"]
[Round "7.16"]
[White "Weber, Samuel"]
[Black "Bendel, Ralf"]
[Result "1-0"]
[WhiteElo "2123"]
[BlackElo "2124"]
[Annotator "FS"]
[PlyCount "151"]


1. e4 c5 2. Nf3 d6 3. g3 Nc6 4. Bg2 Nf6 5. d3 e5 6. c3 Be7 7. O-O h6 8. Re1 O-O
9. a3 a5 10. a4 Be6 11. Na3 Qb6 12. Nc4 Qa6 13. Qb3 Bxc4 14. dxc4 Nd7 15. Be3
Nd8 16. Bh3 Qc6 17. Nd2 Ne6 18. Qd1 Ng5 19. Bg2 Nf6 20. f4 Ne6 21. f5 Nc7 22.
h4 Nh7 23. Nf1 Rfd8 24. Nh2 Kf8 25. Qd2 Nf6 26. g4 Ng8 27. g5 hxg5 28. hxg5 f6
29. g6 Ke8 30. Qf2 Kd7 31. Qh4 Bf8 32. Qh8 Ne7 33. Nf1 Qa6 34. b3 Nc6 35. Red1
Be7 36. Qh5 Rh8 37. Qe2 b6 38. Ng3 Kc8 39. Nh5 Rg8 40. Kf2 Kb8 41. Rh1 Qc8 42.
Ng3 Kb7 43. Rh7 Nb8 44. Rah1 Nd7 45. Bh6 Ne8 46. Bd2 Qc6 47. Rh8 Nc7 48. Rxg8
Rxg8 49. Rh7 Nb8 50. Qh5 Qe8 51. Qh1 Nd7 52. Nh5 Bf8 53. Be3 Nb8 54. Qd1 Qc6
55. Bh6 Ne8 56. Qh1 Nd7 57. Bxg7 Nxg7 58. Nxg7 Bxg7 59. Rxg7 Rxg7 60. Qh8 Re7
61. g7 Rxg7 62. Qxg7 Qc8 63. Bf3 Kc7 64. Bh5 Qf8 65. Qh7 Kd8 66. Bf7 Qe7 67.
Kg3 Kc7 68. Kh4 Nb8 69. Kh5 Nd7 70. Kh6 Kd8 71. Qg8+ Qf8+ 72. Qxf8+ Nxf8 73.
Kg7 Ke7 74. Bd5 Nd7 75. Bc6 Nb8 76. Bb5 1-0

[Event "Kieler Open 2017-A"]
[Site "Kiel"]
[Date "2017.08.02"]
[Round "7.17"]
[White "Schaefer, Martin"]
[Black "Beeck, Mats"]
[Result "0-1"]
[WhiteElo "2001"]
[BlackElo "2104"]
[Annotator "FS"]
[PlyCount "56"]


1. d4 Nf6 2. c4 e6 3. g3 c5 4. d5 exd5 5. cxd5 d6 6. Nc3 g6 7. Nf3 Bg7 8. Bg2
O-O 9. O-O a6 10. a4 Re8 11. Nd2 Nbd7 12. h3 Rb8 13. a5 Ne5 14. Kh2 Nh5 15. f4
b5 16. axb6 Rxb6 17. fxe5 Nxg3 18. Rf3 Nh5 19. Nf1 Bxe5+ 20. Kh1 Qh4 21. Ra4
Rb4 22. Rxb4 cxb4 23. Na4 Bg4 24. Bg5 Qxg5 25. hxg4 Nf4 26. Nh2 Qh4 27. Rxf4
Bxf4 28. Qg1 Rxe2 0-1